000 00841nam a2200229Ia 4500
001 1064
003 AR-BaAGN
005 20231116141314.0
007 ta
008 211220s9999 xx 000 0 und d
040 _dAR-BaAGN
_aAR-BaAGN
_bspa
_eaacr
110 _aConcejo Deliberante de la ciudad de Buenos Aires
245 1 0 _aInformación municipal :
_bactuación del concejal M. Belnicoff durante el año 1941, iniciativas sancionadas, proyectos e intervención en debates
260 _a[Buenos Aires] :
_b[editor no identificado],
_c[1941]
300 _avolúmenes ;
_c29 cm
336 _2rdacontent
_btxt
337 _2rdamedia
_bn
338 _2rdacarrier
_bnc
500 _aActuación del concejal M. Belnicoff durante el año 1941. Iniciativas sancionadas, proyectos e intervención en debates
942 _cLIBRO
999 _c1064
_d1064